000 00323 a2200157 4500
001 158753
020 _a
040 _cMagnum
100 _aAzevedo, Rubens de
240 1 0 _aO cometa de halley
_lpor
245 1 0 _aO cometa de halley
362 0 _a1899
440 1 _aEditora do Brasil
697 _aGERAL
942 _cBK
999 _c158753
_d158753